000 00420nam a2200181Ia 4500
001 24073
005 20260414151019.0
008 260414t2013||||xx |||||||||||||| ||spa||
041 _aESP
082 _a759.85
_bB12
100 _aBaca-Flor, Carlos
_eAUT
245 0 _aEl último académico
_b
260 _c2013
300 _a342 páginas :
_c28 cm.
650 _aABD
654 _aCAU
942 _cLIB
_dJUS
_fJUS
_2ddc
_n
999 _c24073
_d24073